R V TANDRIDGE DC EX PARTE MOHAMED AL FAYED (Record no. 62837)
[ view plain ]
| 000 -LEADER | |
|---|---|
| fixed length control field | 00871cam a2200205 4500 |
| 008 - FIXED-LENGTH DATA ELEMENTS--GENERAL INFORMATION | |
| fixed length control field | 000000n2000 000 0 eng u |
| 035 ## - SYSTEM CONTROL NUMBER | |
| System control number | (Sirsi) u104746 |
| 245 ## - TITLE STATEMENT | |
| Title | R V TANDRIDGE DC EX PARTE MOHAMED AL FAYED |
| 260 ## - PUBLICATION, DISTRIBUTION, ETC. | |
| -- | 2000 |
| 490 ## - SERIES STATEMENT | |
| Series statement | Property, Planning and Compensation Reports |
| Volume/sequential designation | [2000] 79 PPCR 227-237(11) |
| 520 ## - SUMMARY, ETC. | |
| Summary, etc. | QBD 14 January 1999. Town and country planning - Erection of radio telephone base station - Planning permission granted - Application to quash - Whether health concerns fully investigated - Whether realistic possibility that appropriate investigations might have led to different result. |
| 600 ## - SUBJECT ADDED ENTRY--PERSONAL NAME | |
| Personal name | MOBILE PHONE MASTS |
| 650 ## - SUBJECT ADDED ENTRY--TOPICAL TERM | |
| Topical term or geographic name entry element | MOBILE PHONES |
| 650 ## - SUBJECT ADDED ENTRY--TOPICAL TERM | |
| Topical term or geographic name entry element | HEALTH AND SAFETY EXECUTIVE |
| 650 ## - SUBJECT ADDED ENTRY--TOPICAL TERM | |
| Topical term or geographic name entry element | RADIATION |
| 650 ## - SUBJECT ADDED ENTRY--TOPICAL TERM | |
| Topical term or geographic name entry element | ELECTROMAGNETIC FIELDS |
| 650 ## - SUBJECT ADDED ENTRY--TOPICAL TERM | |
| Topical term or geographic name entry element | PLANNING |
| 690 ## - LOCAL SUBJECT ADDED ENTRY--TOPICAL TERM (OCLC, RLIN) | |
| Topical term or geographic name as entry element | Health and safety |
| 9 (RLIN) | 6244 |
| 942 ## - ADDED ENTRY ELEMENTS (KOHA) | |
| Suppress in OPAC | 0 |
| Withdrawn status | Lost status | Source of classification or shelving scheme | Damaged status | Not for loan | Home library | Current library | Shelving location | Date acquired | Total Checkouts | Full call number | Barcode | Date last seen | Copy number | Price effective from | Koha item type |
|---|---|---|---|---|---|---|---|---|---|---|---|---|---|---|---|
| Dewey Decimal Classification | London | London | Journal article | 10/03/2000 | X104746 | 104746-1001 | 06/08/2019 | 1 | 06/08/2019 | Law report |